Statistiques concernant Participants de LOL qui rit sort (saison 2) par images

Cliquez ici pour prendre le quiz!

Statistiques générales

  • Ce quiz a été pris 192 fois
  • Le résultat moyen est 7 sur 10

Statistiques - réponses

Réponse% Correct
Éric Judor
99%
Ramzy Bedia
96%
Camille Lellouche
92%
Gérard Darmon
91%
Ahmed Sylla
85%
Audrey Fleurot
81%
Panayotis Pascot
65%
Just Riadh
52%
Melha Bedia
39%
Alice David
37%

Distribution des résultats

Percentile par nombre de réponses

% des personnes avec chaque résultat

Votre développement - résultats

Vous n’avez pas pris ce quiz